MARC

LEADER 00000nam0a2200000 4500
001 325369
005 20231102003746.0
035 |a (RuTPU)RU\TPU\book\350983 
035 |a RU\TPU\book\349842 
090 |a 325369 
100 |a 20161205d1969 m y0rusy50 ca 
101 0 |a rus 
102 |a RU 
105 |a a z 001zy 
200 1 |a Эксплуатация бурильных труб  |f Г. М. Эрлих 
210 |a Москва  |c Недра  |d 1969 
215 |a 312 с.  |c ил. 
320 |a Библиогр.: с. 308-310 
606 1 |a Бурильные трубы  |x Прочность  |2 stltpush  |3 (RuTPU)RU\TPU\subj\30481  |9 53587 
610 1 |a бурильная колонна 
610 1 |a элементы 
610 1 |a конструкции 
610 1 |a контроль 
610 1 |a качество 
610 1 |a комплектация 
610 1 |a трубы 
610 1 |a эксплуатация 
610 1 |a ремонт 
610 1 |a амортизация 
610 1 |a контрольно-измерительные приборы 
610 1 |a техника безопасности 
675 |a 622.24.053  |v 4 
700 1 |a Эрлих  |b Г. М.  |g Георгий Михайлович 
801 1 |a RU  |b 63413507  |c 20161111 
801 2 |a RU  |b 63413507  |c 20161206  |g RCR 
942 |c BK